|
|
|
|
| LEADER |
00000cam a2200000 a 4500 |
| 001 |
vtls001080118 |
| 003 |
SK-MaSNL |
| 005 |
20260301153236.0 |
| 008 |
240226s1988 xo hopcgr 001 maslo |
| 015 |
|
|
|a SNBA1989/02
|
| 020 |
|
|
|q (viazané)
|
| 035 |
|
|
|a SNK000022955
|
| 035 |
|
|
|a 23DA9291-7E17-4A6B-85CA-3E985E6A283C
|
| 035 |
|
|
|a urn:nbn:sk:snk-am00ii6v
|
| 040 |
|
|
|a SNK
|b slo
|c SNK
|e AACR2
|
| 041 |
0 |
|
|a slo
|
| 043 |
|
|
|a e-xo---
|
| 044 |
|
|
|a xo
|c SK
|
| 072 |
|
7 |
|a 655
|x Polygrafia. Vydavateľstvá a knižný obchod
|2 konspekt
|
| 072 |
|
7 |
|a 929
|x Biografie
|2 konspekt
|
| 080 |
|
|
|a 655.322-055.1
|2 2011
|
| 080 |
|
|
|a 655.322
|2 2011
|
| 080 |
|
|
|a 655.322(091)
|2 2011
|
| 080 |
|
|
|a (437.6)
|2 2011
|
| 080 |
|
|
|a (0:82-94)
|2 2011
|
| 100 |
1 |
|
|a Horáček, Ján
|d 1894-1989
|4 aut
|9 82215
|
| 245 |
1 |
0 |
|a Krása čierneho umenia
|c Ján Horáček ; [zostavil a literárne spracoval Štefan Veselý]
|
| 250 |
|
|
|a 1. vyd.
|
| 260 |
|
|
|a Bratislava
|b Slovenský spisovateľ
|c 1988
|e Martin
|f Tlačiarne SNP
|
| 300 |
|
|
|a 247, 23 s.
|b faksimile, fotografie, ilustrácie, portréty
|c 21 cm
|
| 366 |
|
|
|e 2000 výtl.
|
| 500 |
|
|
|a Ilustr. na front. Kalendárium Jána Horáčka
|
| 504 |
|
|
|a Obsahuje register
|
| 600 |
1 |
7 |
|a Horáček, Ján
|d 1894-1989
|2 SNKMA
|9 82215
|
| 650 |
0 |
7 |
|a kníhtlačiari
|2 SNKPH
|9 90985
|
| 650 |
0 |
7 |
|a kníhtlač
|2 SNKPH
|9 30985
|
| 650 |
0 |
7 |
|a dejiny kníhtlače
|2 SNKPH
|9 25937
|
| 650 |
0 |
7 |
|a Letterpress printers
|2 SNKPHeng
|9 324874
|
| 650 |
0 |
7 |
|a Letterpress work
|2 SNKPHeng
|9 514582
|
| 650 |
0 |
7 |
|a History of letterpress printing
|2 SNKPHeng
|9 289085
|
| 651 |
|
7 |
|a Slovensko
|2 SNKPHgeo
|
| 651 |
|
7 |
|a Slovakia
|2 SNKPHeng
|9 92630
|
| 655 |
|
7 |
|a autobiografické spomienky
|2 SNKPH
|9 70489
|
| 655 |
|
7 |
|a Autobiographical reminiscences
|2 SNKPHeng
|9 302514
|
| 700 |
1 |
|
|a Veselý, Štefan
|4 com
|9 6324
|
| 852 |
|
|
|a Slovenská národná knižnica
|
| 954 |
|
|
|a odborná, vedecká literatúra pôvodná (slovenská)
|2 lita
|
| 958 |
|
|
|a LX
|
| 958 |
|
|
|a BX
|
| 958 |
|
|
|a SK
|
| 958 |
|
|
|a OND
|
| 958 |
|
|
|a EUIPO
|
| 999 |
|
|
|c 792113
|d 794043
|
| 952 |
|
|
|a SNK
|b SNK
|y VYP
|7 0
|p 17A0519740
|o snkSC 73345 D1
|i snkKSP 11754/88
|0 0
|1 0
|4 0
|d 2006-09-25
|l 0
|r 2026-02-24 01:41:36
|w 2026-02-24
|
| 952 |
|
|
|a SNK
|b SNK
|y PREZ
|7 0
|p 17A0306974
|o snkSC 73345
|i snkKSP 11753/88
|0 0
|1 0
|4 0
|d 2001-07-16
|f 1
|l 0
|r 2025-07-29 00:00:00
|w 2026-02-24
|
| 952 |
|
|
|a SNKLM
|b SNKLM
|y NEVYP
|7 0
|o snklmKK 782
|i snklm678/2001
|8 7
|0 0
|1 0
|4 0
|d 2006-06-20
|l 0
|r 2026-02-24 01:41:36
|w 2026-02-24
|